10 sciences, 10 questions #1 - Culture générale - Statistiques

Statistiques générales
  • Ce quiz a été pris 65 fois
    30 depuis la dernière actualisation
  • Le résultat moyen est 8 sur 15
Statistiques - réponses
Science Indice Réponse % Correct
Mathématiques Traduisez le nombre 14 en chiffres romains et en binaire XIV
93%
Physique Unité de mesure de la résistance électriquedans le Système international Ohm (Ω)
89%
Géographie Seuls pays du monde entièrement entourés par un seul autre pays Vatican
82%
Géographie Seuls pays du monde entièrement entourés par un seul autre pays Lesotho
71%
Géographie Seuls pays du monde entièrement entourés par un seul autre pays Saint-Marin
71%
Sociologie Ouvrage et film racontant comment un professeur d'histoire, Ben Ross, crée un mouvement fasciste expérimental au sein de son lycée La Vague
61%
Géologie Plaques dont la collision continentale a donné laformation de l'Himalaya Plaque eurasienne
54%
Biologie Types d'organismes s'associant en symbiose pour former le lichen Un champignon(le mycobionte)
46%
Mathématiques Traduisez le nombre 14 en chiffres romains et en binaire 1110
43%
Psychologie Psychologue américain célèbre pour sa pyramidedes besoins humains fondamentaux Abraham Maslow
43%
Economie Cette pièce de bronze était l'unité monétairede base de la Rome antique Le sesterce(sertertius)
39%
Géologie Plaques dont la collision continentale a donné laformation de l'Himalaya Plaque indienne(ou plaque indo-australienne)
39%
Chimie Combustible utilisé dans les hauts-fourneaux pour transformer le minerai de fer en fonte liquide Le coke
21%
Biologie Types d'organismes s'associant en symbiose pour former le lichen Une algue verte(le photobionte)
21%
Informatique Premier langage de programmation moderne, conçu par John Backus et son équipe dans les années 1950, et toujours utilisé en climatologie Fortran
18%
Aucun quiz correspondant
Distribution des résultats
% des personnes avec chaque résultat
Percentile par nombre de réponses
Votre historique - résultats
Vous n’avez pas pris ce quiz depuis la dernière actualisation